Catálogo
 En Linea

Impresso no Brasil : (Registro nro. 44073)

Detalles MARC
000 -CABECERA
campo de control de longitud fija 00911nam a2200205 a 4500
001 - NÚMERO DE CONTROL
campo de control 000044584
005 - FECHA Y HORA DE LA ÚLTIMA TRANSACCIÓN
campo de control 20201002045459.0
008 - DATOS DE LONGITUD FIJA--INFORMACIÓN GENERAL
campo de control de longitud fija 140718s2008 bl a 000 0 spa d
020 ## - NÚMERO INTERNACIONAL ESTÁNDAR DEL LIBRO
Número Internacional Estándar del Libro 9788539300518
040 ## - FUENTE DE LA CATALOGACIÓN
Centro catalogador/agencia de origen DO-SdBNP
Lengua de catalogación spa
Centro/agencia transcriptor BNPHU
082 ## - NÚMERO DE LA CLASIFICACIÓN DECIMAL DEWEY
Número de clasificación xxxx
Número de documento/Ítem xxxx
245 00 - MENCIÓN DE TÍTULO
Título Impresso no Brasil :
Resto del título dois séculos de livros brasileiros /
Mención de responsabilidad, etc. Aníbal Bragança, Márcia Abreu, organizadores.
260 ## - PUBLICACIÓN, DISTRIBUCIÓN, ETC.
Lugar de publicación, distribución, etc. Sao Paulo :
Nombre del editor, distribuidor, etc. UNESP,
-- Ministério da Cultura, Fundacção Biblioteca Nacional,
Fecha de publicación, distribución, etc. 2008.
300 ## - DESCRIPCIÓN FÍSICA
Extensión 663 p. :
Otras características físicas il. ;
Dimensiones 24 cm.
505 0# - NOTA DE CONTENIDO CON FORMATO
Información miscelánea Pt. I.
Título Uma nova história editorial brasileira : editores, tipógrafos e livreiros --
Información miscelánea pt. II.
Título Cultura letrada no Brasil : autores, lelitores e leituras.
504 ## - NOTA DE BIBLIOGRAFÍA, ETC.
Nota de bibliografía, etc. Bibliografía : p. 615-654
500 ## - NOTA GENERAL
Nota general Incluye referencias bibliográficas y notas al pie de las páginas
700 12 - PUNTO DE ACCESO ADICIONAL--NOMBRE DE PERSONA
Nombre de persona Bragança, Aníba
Término indicativo de función/relación orgs.
9 (RLIN) 72612
700 12 - PUNTO DE ACCESO ADICIONAL--NOMBRE DE PERSONA
Nombre de persona Abreu, Márcia
Término indicativo de función/relación orgs.
9 (RLIN) 72613
Existencias
Estado de retiro Estado de pérdida Restricciones de uso No para préstamo Código de colección Localización permanente Ubicación/localización actual Ubicación en estantería Fecha de adquisición Número de inventario Total de préstamos Signatura topográfica completa Código de barras Fecha visto por última vez Precio válido a partir de Tipo de ítem Koha
      Excluido de préstamo Monografías: Libros y Folletos General General En catalogación 18.07.2014 LF1   xxxx xxxx 44584-10 25.06.2020 25.06.2020 No se presta

Con tecnología Koha